<?xml version="1.0" encoding="UTF-8"?>
<collection xmlns="http://www.loc.gov/MARC21/slim">
 <record>
  <leader>01026nab#a2200349#ar4500</leader>
  <controlfield tag="001">000079110</controlfield>
  <controlfield tag="003">SVKKK</controlfield>
  <controlfield tag="005">20021002xxxxxxx.</controlfield>
  <controlfield tag="008">06    c        xo                  huno </controlfield>
  <datafield tag="FMT" ind1=" " ind2=" "/>
  <datafield tag="038" ind1=" " ind2=" ">
   <subfield code="a">SVKKK</subfield>
  </datafield>
  <datafield tag="040" ind1=" " ind2=" ">
   <subfield code="a">SVKKK</subfield>
   <subfield code="b">slo</subfield>
   <subfield code="e">AACR2</subfield>
  </datafield>
  <datafield tag="041" ind1="0" ind2=" ">
   <subfield code="a">hun</subfield>
  </datafield>
  <datafield tag="044" ind1=" " ind2=" ">
   <subfield code="a">xo</subfield>
   <subfield code="c">SK</subfield>
  </datafield>
  <datafield tag="080" ind1=" " ind2=" ">
   <subfield code="a">281.94(Šariš):262.1</subfield>
  </datafield>
  <datafield tag="242" ind1="1" ind2="0">
   <subfield code="a">Vysťahovalectvo</subfield>
  </datafield>
  <datafield tag="245" ind1="0" ind2="0">
   <subfield code="a">Kivándorlás</subfield>
  </datafield>
  <datafield tag="500" ind1=" " ind2=" ">
   <subfield code="a">Ex/F 80, Ba/02</subfield>
  </datafield>
  <datafield tag="520" ind1="2" ind2=" ">
   <subfield code="a">Správa o tom, že niekdajší bardejovský, neskôr rešovský gréckokatolícky farár Žigmund (Zsigmond) Brinszky sa 14. mája 1912 vysťahoval aj s rodinou do USA.</subfield>
  </datafield>
  <datafield tag="650" ind1="0" ind2="4">
   <subfield code="a">vysťahovalectvo - Brinszky, Žigmund (farár gréckokatolícky) - USA - 14.05.1912 - správy</subfield>
  </datafield>
  <datafield tag="773" ind1="0" ind2=" ">
   <subfield code="t">Felsősárosi Hirlap</subfield>
   <subfield code="g">Roč. 12, č. 20 (16.05.1912) s. 3</subfield>
  </datafield>
  <datafield tag="957" ind1=" " ind2=" ">
   <subfield code="a">Bardejov</subfield>
  </datafield>
  <datafield tag="957" ind1=" " ind2=" ">
   <subfield code="a">Rešov</subfield>
  </datafield>
  <datafield tag="957" ind1=" " ind2=" ">
   <subfield code="a">Réssó pozri Rešov</subfield>
  </datafield>
  <datafield tag="957" ind1=" " ind2=" ">
   <subfield code="a">Résó pozri Rešov</subfield>
  </datafield>
  <datafield tag="958" ind1=" " ind2=" ">
   <subfield code="a">CI</subfield>
  </datafield>
  <datafield tag="958" ind1=" " ind2=" ">
   <subfield code="a">DG</subfield>
  </datafield>
  <datafield tag="958" ind1=" " ind2=" ">
   <subfield code="a">SK</subfield>
  </datafield>
  <datafield tag="974" ind1=" " ind2=" ">
   <subfield code="a">Ba</subfield>
   <subfield code="d">20021002</subfield>
  </datafield>
  <datafield tag="992" ind1=" " ind2=" ">
   <subfield code="a">RBX</subfield>
  </datafield>
  <datafield tag="BAS" ind1=" " ind2=" "/>
  <datafield tag="998" ind1=" " ind2=" ">
   <subfield code="a">RETRO</subfield>
  </datafield>
 </record>
</collection>
